| 000 | 00624nam a2200205Ia 4500 | ||
|---|---|---|---|
| 003 | GCL | ||
| 008 | 140319s9999 xx 000 0 ara d | ||
| 040 |
_aGCL / _cGCL |
||
| 082 | 0 | 4 |
_a637 _bم ا |
| 100 | 1 | _aمحمد الحسينى عبدالسلام | |
| 245 | 1 | 0 |
_aالالبان المختمرة / _cمحمد الحسينى عبدالسلام |
| 260 |
_a[S.N] : _bالهيئة المصرية العامة للكتاب ، _c1994 |
||
| 300 | _a334 ص | ||
| 490 | _a | ||
| 650 | 0 | 4 | _aالالبان |
| 650 | 0 | 4 | _aاللبن |
| 650 | 0 | 4 | _aاللبن المخمر |
| 650 | 0 | 4 | _aاللبن- رقابة |
| 942 |
_2ddc _cBK |
||
| 999 |
_c30049 _d30049 |
||